Statistics for Category Elimination - NBA Players #3

Click here to take the quiz!

General Stats

  • This quiz has been taken 157 times
    (13 since last reset)
  • The average score is 16 of 20

Answer Stats

Group#Category% Correct
Blue50Top 50 all-time centers
100%
Pink15... and won it before the 21st century
100%
Pink25... who wasn't on the celtics when they won it
100%
Pink30Finals MVPs
100%
Yellow103Players who made an all-NBA first team
100%
Yellow68... after the year 1970
100%
Yellow20... who played for a team in the pacific conference
100%
Green28... who plays in the western conference
92%
Green49Current European players
92%
Green1... and is not a big manLuka Doncic
92%
Yellow10... whose last name consists of less than 6 letters
92%
Green4... who averages over 15 ppg
92%
Green6... and has been an all-star
92%
Blue25... whose last name starts with a letter between a and l
75%
Blue15... and has more than 5 letters in their last name
75%
Pink3... who was a forward
75%
Yellow1... and has played on the RocketsChris Paul
58%
Pink1... whose secondary position was centerTim Duncan
50%
Blue6... who has not won a championship
17%
Blue1... and is most known for playing on the CavaliersBrad Daugherty
17%

Score Distribution

Percentile by Number Answered

Percent of People with Each Score

Your Score History

You have not taken this quiz since the last reset